Normal view
MARC view
- Lagarde, A
Entry Personal Name
001 - CONTROL NUMBER
- control field: 66967
003 - CONTROL NUMBER IDENTIFIER
- control field: NUST
005 - DATE AND TIME OF LATEST TRANSACTION
- control field: 20210628203717.0
008 - FIXED-LENGTH DATA ELEMENTS
- fixed length control field: 210628|| aca||aabn | a|a d
040 ## - CATALOGING SOURCE
- Original cataloging agency: NUST
- Transcribing agency: NUST
100 ## - HEADING--PERSONAL NAME
- Personal name: Lagarde, A
670 ## - SOURCE DATA FOUND
- Source citation: Work cat.: (NUST): Lagarde, A, Static and dynamics photoelascticity and caustics recent development, 1987
